Flow characteristics of some wax lube oil base stock systems

Bibliographic Details
Main Authors: Gupta, A.K (Author), Agrawal, K.M (Author)
Format: Article
Language:Slovak
English
PhysicalDescription:Grafy, tab.
ISSN:1335-3055
Subjects:

MARC

LEADER 00000nab a2200000 a 4500
001 vtls000829128
003 SK-MaSNL
005 20260304124832.0
008 250429c2002 xo 0 slo
015 |a SNBRB2003/03-08968 
035 |a CLN000180783 
035 |a urn:nbn:sk:snk-abafyy 
035 |a (urnnbn)urn:nbn:sk:snk:ar-a0a7pb 
035 |a (uuid)fa07db2e-0334-4222-9a32-fd4542468fa8 
040 |a SNKBUCL  |b slo  |c SNKBUCL  |e AACR2 
041 0 |a eng 
044 |a xo  |c SK 
080 |a 665.76.035  |2 1997 
100 1 |a Gupta, A.K.  |4 aut  |9 1419316 
245 1 0 |a Flow characteristics of some wax lube oil base stock systems  |c A.K. Gupta, K.M. Agrawal 
300 |b Grafy, tab. 
504 |a Res. angl. 
504 |a Bibliogr. odkazy 
650 0 7 |a viskozita  |2 snkbucl  |9 19565 
650 0 7 |a parafíny  |2 snkbucl  |9 924837 
650 0 7 |a mazacie oleje  |2 snkbucl  |9 83454 
650 0 7 |a teplota tuhnutia  |2 snkbucl  |9 1436547 
655 7 |a články z novín a časopisov  |2 snkbucl  |9 267496 
700 1 |a Agrawal, K.M.  |4 aut  |9 1410798 
773 0 |t Petroleum and coal  |g Roč. 44, č. 1-2 (2002), s. 92-94  |x 1335-3055 
850 |a Slovenská národná knižnica 
852 |a Slovenská národná knižnica 
958 |a article14 
958 |a OND 
958 |a NB 
958 |a EUIPO 
999 |c 2892340  |d 2894270